Actors from Marvel and DC Quiz - Statistics

General Stats
  • This quiz has been taken 305 times
  • The average score is 11 of 30
Answer Stats
Hint Answer % Correct
Ryan Reynolds Deadpool
95%
Batman
86%
Batman
86%
Green Lantern
82%
Catwoman
66%
Tom Hardy Venom
64%
Ben Affleck Daredevil
63%
Halle Berry Storm
63%
William DaFoe Green Goblin
60%
Bane
58%
J. K. Simmons J. Jonah Jameson
45%
Taika Waititi Korg
44%
James Marsden Cyclops
40%
Two Face
34%
James Gordon
29%
Michael Clarke Duncan Kingpin
21%
Perry White
20%
Ramonda
20%
Tommy Lee Jones Chester Phillips
13%
Clancy Brown Surtur
11%
Vulko
11%
Danny Huston William Stryker Jr.
10%
Laurence Fishburne Silver Surfer
9%
Richard White
7%
Erich Ludendorff
6%
Kilowog
5%
Thomas Kalmaku
5%
Parallax
3%
Michael Keaton Vulture
1%
Angela Bassett Amanda Waller
0%
No matching quizzes found
Score Distribution
Percent of People with Each Score
Percentile by Number Answered
Your Score History
You have not taken this quiz